Se Me Olvida - Feid, Maisak - Estadísticas

Estadísticas generales
  • Esta prueba ha sido intentada 334 veces
  • La puntuación promedio es 315 de 460
Estadísticas de respuestas
Letra % Correcto
a
100%
e'
94%
la
94%
me
94%
Me
94%
Se
94%
se
94%
94%
tu
94%
94%
94%
con
89%
de
89%
el
89%
Él
89%
las
89%
Lo
89%
lo
89%
los
89%
mi
89%
no
89%
No
89%
que
89%
Que
89%
¿qué
89%
si
89%
Si
89%
te
89%
Te
89%
Y
89%
y
89%
en
83%
olvida
83%
pa'
83%
su
83%
ya
83%
Yo
83%
yo
83%
amor
78%
es
78%
Es
78%
esta
78%
está
78%
ni
78%
vida
78%
vida,
78%
ahora
72%
di
72%
pero,
72%
pero
72%
siento
72%
soy
72%
ti
72%
día
67%
disco
67%
ese
67%
estas
67%
estoy
67%
ex
67%
ganas
67%
perdí
67%
sol
67%
un
67%
ayudan,
61%
ayudan
61%
bailo
61%
contigo
61%
Contigo
61%
despedida
61%
este
61%
noche
61%
otra
61%
otro
61%
Primera
61%
quiero
61%
Segunda
61%
triste
61%
vez,
61%
vez
61%
bebo
56%
borracho
56%
call
56%
chimba
56%
dolor
56%
era
56%
fantasía
56%
guaro
56%
Gucci
56%
hiciste?
56%
hubiera
56%
mejor
56%
mente
56%
ofrecía
56%
río
56%
sabido
56%
sale
56%
solo
56%
tercera
56%
to'
56%
última
56%
caro
50%
carro
50%
chistes
50%
conociste
50%
da
50%
disparos
50%
eso
50%
esperando
50%
espero
50%
Fendi
50%
fué
50%
hecho
50%
maricón
50%
nunca
50%
Nunca
50%
pongo
50%
por
50%
regalos
50%
sigo
50%
tires
50%
aquel
44%
baño
44%
bebé
44%
bebé,
44%
cumplir
44%
encontrarme
44%
encuentre
44%
fumo
44%
hablando
44%
inmortal
44%
inmune
44%
marco
44%
Marihuana
44%
Pasábamos
44%
Pensando
44%
pensando
44%
puedo
44%
sido
44%
solita
44%
una
44%
algún
39%
caros
39%
curar
39%
habría
39%
hijo
39%
mis
39%
Pelaito
39%
puta
39%
rebote
39%
tengo
39%
anillo
33%
días
33%
Estaba
33%
familia
33%
llamarle
33%
pena
33%
regalé
33%
somos
33%
suegra
33%
tenso
33%
Baby,
28%
baby
28%
barra
28%
body
28%
creepy
28%
creías
28%
dije
28%
entrenando
28%
esperabas
28%
lobby
28%
mírame
28%
sabe,
28%
Sigue
28%
sorry
28%
temas
28%
terminar
28%
verso
28%
cuenta
22%
culpa
22%
derecha
22%
esos
22%
fuera
22%
gusta
22%
llegaría,
22%
olvides
22%
pensé
22%
regalías
22%
silla
22%
sueños
22%
Todos
22%
vacía
22%
Buscando
17%
chingando
17%
Cuatro
17%
decirlo
17%
dediqué
17%
domingos
17%
estaríamos
17%
excusa
17%
himno
17%
irnos
17%
mionca
17%
mismo
17%
Montado
17%
reina
17%
saben,
17%
hangeando
11%
musiquita
11%
soñamos
11%
Diomedes,
6%
No se encontraron pruebas coincidentes
Distribución de puntuación
Porcentaje de gente con cada puntuación
Porcentaje por número respondido
Historial de tus puntuaciones
No has intentado esta prueba.